01394nam a22002417a 450000500170000001000150001702000260003203500130005803700130007108200120008410000160009624501020011226000390021427000780025330000280033150000520035950505270041165000240093865000220096294200260098499900170101095201250102720140904112720.0 aENG-110725 a9788132113430c425.00 aEN-94257 bDBAD/PUB a332.042 aKaul, Vivek aEasy money :cby Vivek Kaulbevolution of the global financial system to the great bubble burst / aNew DelhibSage Publicationsc2014 aB1/ I-1 Mohan Cooperative Industrial Area,Mathura RoadbNew Delhie110044 axxiii,325p. c22cm(pbk) a Includes bibliographical references and index. aForeword -- Introduction -- Coup de whiskey -- The Great Depression -- The men who knew too much -- Hitler falling, dollar rising -- Exorbitant privilege -- The American promise -- The man who would be king -- When a Tokyo palace was more expensive than California -- Irrational exuberance -- But a pin lies in wait for every bubble -- After the crash -- Conclusion: if we learned from experience, history wouldn’t repeat itself -- Appendix: double your money in 45 days -- Index -- Acknowledgements -- About the author. a Financex History. a Economic history 2ddccENh332.042mKAU c88277d88277 001040718NFICaDBADbDBADd2014-09-03eDBAD/PUBg425.00l0o332.042 PAUpEN-94257r2014-09-03 00:00:00t1v425.00yEN